000 00547nam a2200193Ia 4500
005 20251020182524.0
008 200515s9999 xx 000 0 und d
082 _a691.327.281/M70
100 _aREVEL, Maurice
245 0 _aLa prefabricación en la construcción
260 _aBilbao
260 _c1982
500 _a1 ejemplar
520 _aExpone con suficientes detalles todo lo que concierne a la prefabricación moderna en casi todos sus campos
650 _aCONSTRUCCION
650 _aLIB
650 _aPREFABRICADOS
942 _cLIB
999 _c1839
_d1839